000 00325nam a2200121Ia 4500
005 20251222152032.0
008 251222s9999||||xx |||||||||||||| ||spa||
082 _a338.109.85/V36
100 _aVásquez Villanueva, Absalón
245 0 _aLos desafíos del agro en la década del noventa
264 _bAbya Yala
942 _cLIB
999 _c25723
_d25723